Statistiques concernant Equipes du record des 13 défaites d'affilées de l'Om en C1

Cliquez ici pour prendre le quiz!

Statistiques générales

  • Ce quiz a été pris 76 fois
  • Le résultat moyen est 9 sur 13

Statistiques - réponses

AnnéeScoreEquipe% Correct
"1-2Borussia Dortmund
85%
"3-0Borussia Dortmund
85%
20131-2Arsenal
79%
"2-0Arsenal
79%
"0-3Manchester City
73%
"3-0FC Porto
70%
"0-2FC Porto
70%
"0-2Bayern Munich
69%
"2-0Bayern Munich
69%
"1-2Naples
65%
"3-2Naples
65%
20201-0Olympiakos
62%
20122-1Inter Milan
56%

Distribution des résultats

Percentile par nombre de réponses

% des personnes avec chaque résultat

Votre développement - résultats

Vous n’avez pas pris ce quiz